Riadenie investičných projektov súbor prednášok

Bibliographic Details
Main Author: Mikolaj, Ján, 1929- (Author)
Format: Book
Language:Slovak
PhysicalDescription:54 s. sch 29 cm
Published: Žlilina Krupa print 2011
ISBN:9788097069803
Edition:1. vyd.
Subjects:

MARC

LEADER 00000nam a2200000 a 4500
001 vtls010281367
003 SK-MaSNL
005 20260302011753.0
008 240314s2011 xo f 000 0 slo
015 |a SNBA2011/08-04315 
020 |a 9788097069803  |q (brož.) 
035 |a 19758738-1D3D-4D71-A522-C51447CAD8FD 
035 |a urn:nbn:sk:snk-amlsvv 
035 |a urn:nbn:sk:snk-am00ca6l 
040 |a SNK  |b slo  |c SNK  |e AACR2 
041 0 |a slo 
044 |a xo  |c SK 
072 7 |a 005  |x Manažment. Riadenie  |2 konspekt 
080 |a 005.8  |2 2001 
080 |a (048.8)  |2 2001 
100 1 |a Mikolaj, Ján,  |d 1929-  |4 aut  |9 28149 
245 1 0 |a Riadenie investičných projektov  |b súbor prednášok  |c Ján Miklaj 
250 |a 1. vyd. 
260 |a Žlilina  |b Krupa print  |c 2011 
300 |a 54 s.  |b sch  |c 29 cm 
366 |e 50 výt. 
650 0 7 |a projektový manažment  |2 SNKPh  |9 937 
650 0 7 |a Project management  |2 SNKPHeng  |9 313543 
650 0 7 |a inžinierske stavby  |2 SNKPH  |9 67290 
650 0 7 |a investičné projekty  |2 SNKPH  |9 429215 
655 7 |a monografie  |2 SNKPH  |9 70139 
655 7 |a Monographs  |2 SNKPHeng  |9 120675 
919 |a 978-80-970698-0-3 
968 |d 0 
999 |c 1007349  |d 1009279 
952 |a SNK  |b SNK  |y PREZ  |7 0  |p 17A0703756  |o snkSB 81542  |i snk2011/12252  |8 0  |0 0  |1 0  |4 0  |d 2011-05-26  |f 1  |l 0  |r 2025-05-05 00:00:00  |w 2026-02-24